| 000 | 00756nam a2200217 a 4500 | ||
|---|---|---|---|
| 001 | 82547 | ||
| 003 | BD-RjUL | ||
| 005 | 20231226151825.0 | ||
| 008 | 231226s1962 ii ||||| |||| 00| 0 urd d | ||
| 035 | _a(BD-RjUL)82547 | ||
| 040 |
_aBD-RjUL _beng _cBD-RjUL |
||
| 041 | _aara/urd | ||
| 082 |
_223 _a297.1225 _bMUK 1962 |
||
| 245 | 1 | 0 |
_aمخزن معارف : قران كريم مع ترجمه وتفسير ;; makhzan maearif : quran karim mae tarjamih watafsir / _c : معین الدین ;; Moin Al-Din |
| 260 |
_a پاکستان : _bعاون : خدا بخش لائبریری،پٹنہ , _c1962 |
||
| 300 |
_a266 p.; _c23 cm |
||
| 505 | _asurah Fatihah -nisa. | ||
| 650 |
_aQuran _vInterpretation _99373 |
||
| 700 |
_aMoin Al-Din _910721 |
||
| 942 |
_2ddc _cBK |
||
| 999 |
_c82547 _d82547 |
||